[Event "Seefeld op 9th"]
[Site "Seefeld"]
[Date "1998.??.??"]
[Round "3"]
[White "Gruener, Reinhard"]
[Black "Riedl, Johannes"]
[Result "1/2-1/2"]
[WhiteElo "2135"]
[BlackElo "1850"]

1.d4 e6 2.g3 Nf6 3.c4 c5 4.d5 exd5 5.cxd5 d6 6.Nc3 g6 7.Bg2 Bg7 8.Nf3 O-O
9.Nd2 Na6 10.O-O Nc7 11.a4 b6 12.Nc4 Ba6  1/2-1/2

[Event "SVK-chT1W 9899"]
[Site "SVK"]
[Date "1998.??.??"]
[Round "3"]
[White "Blaho, Stefan"]
[Black "Huba, Martin Sr"]
[Result "1-0"]
[WhiteElo "2165"]
[BlackElo "2135"]

1.d4 Nf6 2.c4 e6 3.g3 c5 4.Nf3 b6 5.Bg2 Bb7 6.O-O Be7 7.Nc3 O-O 8.d5 exd5
9.Ne5 d6 10.Nxd5 Nxd5 11.Bxd5 Bxd5 12.Qxd5 Nd7 13.Nc6 Qe8 14.Bf4 Nf6 15.Qf3 Qd7
16.Rad1 Rfe8 17.Nxe7+ Qxe7 18.Rfe1 Ne4 19.Qd3 Rad8 20.f3 Ng5 21.Kg2 Qf6 22.b3 h6
23.e4 Qe6 24.g4 Qf6 25.Bg3 Ne6 26.Qe3 g5 27.Rd5 Nd4 28.Rh1 Ne6 29.h4 Nf4+
30.Bxf4 gxf4 31.Qd2 Re5 32.Rd3 Kf8 33.Kh3 Ke7 34.Rd1 Re6 35.a3 a5 36.Rd5 Re5
37.Rd3 Re6 38.b4 axb4 39.axb4 Ra8 40.bxc5 bxc5 41.Rb1 Ra1 42.Rb8 Rh1+ 43.Kg2 Qa1
44.Qf2 Qe1 45.Qxe1 Rxe1 46.Ra3 Rc1 47.g5 hxg5 48.hxg5 Rg6 49.Ra7+  1-0

[Event "Geneve op"]
[Site "Geneve"]
[Date "1999.01.23"]
[Round "1"]
[White "Raetsky, Alexander"]
[Black "Meyer, Harvey"]
[Result "1-0"]
[WhiteElo "2460"]
[BlackElo "2139"]

1.d4 Nf6 2.c4 e6 3.g3 c5 4.Nf3 cxd4 5.Nxd4 Nc6 6.Bg2 Bb4+ 7.Bd2 Qb6 8.Nb3 d5
9.cxd5 Nxd5 10.O-O O-O 11.e4 Nf6 12.Be3 Qc7 13.a3 Be7 14.Nc3 Rd8 15.Qe2 Bd7
16.Rac1 Rac8 17.f4 e5 18.Nd5 Qb8 19.Rxc6 bxc6 20.Nxe7+ Kh8 21.Nc5 Bg4 22.Qc2 Rc7
23.Na6 Qb7 24.Nxc7 Qxc7 25.Bc5 exf4  1-0

[Event "Geneve op"]
[Site "Geneve"]
[Date "1999.01.29"]
[Round "7"]
[White "Raetsky, Alexander"]
[Black "Buehler, Beat"]
[Result "1-0"]
[WhiteElo "2460"]
[BlackElo "2184"]

1.d4 Nf6 2.c4 e6 3.g3 c5 4.Nf3 cxd4 5.Nxd4 Nc6 6.Bg2 Bb4+ 7.Bd2 Qa5 8.Nb3 Bxd2+
9.N1xd2 Qc7 10.c5 d6 11.cxd6 Qxd6 12.O-O O-O 13.Nc4 Qe7 14.Qd6 Qxd6 15.Nxd6 Rd8
16.Rfd1 Kf8 17.Nc5 Rb8 18.a3 Ke7 19.Nxc8+ Rdxc8 20.Rac1 Rd8 21.Rxd8 Kxd8
22.b4 Nd5 23.Nxb7+ Rxb7 24.Rxc6 a5 25.Bxd5 exd5 26.bxa5 Rb5 27.a6 Kd7 28.Rc3 Ra5
29.Kf1 Rxa6 30.Ke1 Rb6 31.Kd2 Rb1 32.Rc1 Rb3 33.Rc3 Rb1 34.Rc1 Rb3 35.Ra1 Rb2+
36.Kd3 Kc6 37.a4 Kb7 38.a5 Ka6 39.h4 f5 40.Rc1 Rb3+ 41.Rc3 Rb7 42.Rc5 f4
43.gxf4 Rb3+ 44.Rc3 Rb4 45.e3 Rb2 46.Rc5 Rxf2 47.Rxd5 g6 48.h5  1-0

[Event "BL2-W9899"]
[Site "Germany"]
[Date "1999.01.31"]
[Round "5.5"]
[White "Bosboom, Manuel"]
[Black "Grooten, Herman"]
[Result "1-0"]
[WhiteElo "2444"]
[BlackElo "2405"]

1.d4 Nf6 2.c4 e6 3.g3 c5 4.Nf3 a6 5.Bg2 b5 6.Ne5 Ra7 7.dxc5 Qc7 8.Bf4 g5
9.Nxd7 gxf4 10.Nxf6+ Ke7 11.Ne4 Bg7 12.cxb5 Rd8 13.Qb3 axb5 14.Nbc3 Ba6 15.O-O Nc6
16.Nxb5 Bxb5 17.Qxb5 Rb8 18.Qd3 Bxb2 19.Rad1 fxg3 20.hxg3 f5 21.Nd6 Nd4 22.Nc4 Nc6
23.Qe3 Ne5 24.Qg5+ Kf8 25.Nxb2 Rxb2 26.Qf6+  1-0

[Event "BL2-W9899"]
[Site "Germany"]
[Date "1999.02.21"]
[Round "6.4"]
[White "Bosboom, Manuel"]
[Black "Lau, Ralf"]
[Result "1/2-1/2"]
[WhiteElo "2444"]
[BlackElo "2453"]

1.d4 Nf6 2.c4 e6 3.g3 c5 4.Nf3 cxd4 5.Nxd4 d5 6.Bg2 Be7 7.O-O O-O 8.cxd5 Nxd5
9.a3 Qd7 10.Nf3 Rd8 11.Nbd2 Nc6 12.Qc2 b6 13.Nc4 Bb7 14.Bg5 Rac8 15.Bxe7 Qxe7
16.Qb3 Nf6 17.Rfd1 h6 18.e3 Qc5 19.a4 Nb4 20.Rxd8+ Rxd8 21.Nfe5 Bxg2 22.Kxg2 a6
23.Rd1 Rd5 24.Nd3  1/2-1/2

[Event "PER-ch"]
[Site "Lima"]
[Date "1999.02.21"]
[Round "10"]
[White "Moreno, William"]
[Black "Hernandez, Ivan"]
[Result "1/2-1/2"]
[WhiteElo "2055"]
[BlackElo "2195"]

1.d4 Nf6 2.c4 e6 3.g3 c5 4.d5 exd5 5.cxd5 d6 6.Nc3 g6 7.Bg2 Bg7 8.Nf3 O-O
9.O-O a6 10.a4 Nbd7 11.Bf4 Qe7 12.Re1 Re8 13.h3 Nh5 14.Bg5 Qf8 15.e4 h6 16.Bd2 Rb8
17.Rb1 b5 18.axb5 axb5 19.b4 cxb4 20.Rxb4 Nc5 21.Bf1 Bd7  1/2-1/2

[Event "Mar del Plata op 30th"]
[Site "Mar del Plata"]
[Date "1999.04.01"]
[Round "6"]
[White "Piscicelli, Daniel"]
[Black "Amura, Claudia Noemi"]
[Result "1-0"]
[WhiteElo "2350"]
[BlackElo "2355"]

1.d4 Nf6 2.c4 e6 3.g3 c5 4.Nf3 cxd4 5.Nxd4 Bb4+ 6.Bd2 Bxd2+ 7.Qxd2 O-O 8.Bg2 d5
9.cxd5 Nxd5 10.O-O Nd7 11.Rd1 N7b6 12.Nc3 Qe7 13.Rac1 a6 14.Nxd5 Nxd5 15.Qa5 Qb4
16.Qxb4 Nxb4 17.a3 Nd5 18.Bxd5 exd5 19.Rc7 Rb8 20.Rdc1 Bh3 21.f3 h5 22.Kf2 Rfe8
23.R1c5 g6 24.Rxd5 Rbd8 25.Rxd8 Rxd8 26.e3 Rd7 27.Rxd7 Bxd7 28.e4 f6 29.Ke3 Kf7
30.Nb3 Ke7 31.Kd4 Kd6 32.Nc5 Bc8 33.f4 Kc6 34.Nd3 Be6 35.h4 a5 36.f5 gxf5
37.Nf4 Bf7 38.exf5 Kd6 39.Nd3 Bd5 40.Nf2 Bf3 41.Ne4+ Ke7 42.Ke3 Bg2 43.Kf4 a4
44.Nc3 Bc6 45.g4 hxg4 46.Kxg4 Kf7 47.Kf4 Kg7 48.Ne4 Bd5 49.Ke3 Bc6 50.Kd4 Bd7
51.Ng3 Bc6 52.Kc5 Bf3 53.Kd6 Kf7 54.h5 Kg7 55.Ke7 b5 56.h6+ Kxh6 57.Kxf6 Bd5
58.Ne2 Bc4 59.Nd4 Kh5 60.Ke7  1-0

[Event "Dreifluesse op 7th"]
[Site "Passau"]
[Date "1999.04.02"]
[Round "2"]
[White "Ritz, Thomas"]
[Black "Berezjuk, Sergej"]
[Result "0-1"]
[WhiteElo "2132"]
[BlackElo "2403"]

1.d4 Nf6 2.c4 e6 3.g3 c5 4.Nf3 cxd4 5.Nxd4 d5 6.Bg2 e5 7.Nf3 d4 8.O-O Nc6
9.e3 Be7 10.h3 O-O 11.exd4 exd4 12.b3 Bf5 13.Bb2 Bc5 14.a3 a5 15.b4 Qb6 16.b5 a4
17.Ra2 Na5 18.Bxd4 Nxc4 19.Nc3 Bxd4 20.Qxd4 Be6 21.Raa1 Qa5 22.Rfc1 Rfd8
23.Qh4 Nd6 24.Nd4 Bb3 25.Nce2 Qb6 26.Qg5 h6 27.Qc5 Qa5 28.b6 Bd5 29.Nf4 Bxg2
30.Kxg2 Nde4 31.Rc4 Rd6 32.Rb1 Nd2  0-1

[Event "Guillermo Garcia mem-A"]
[Site "Santa Clara"]
[Date "1999.05.24"]
[Round "1"]
[White "Gomez, Felix"]
[Black "Bellon Lopez, Juan Manuel"]
[Result "0-1"]
[WhiteElo "2463"]
[BlackElo "2447"]

1.d4 e6 2.c4 Nf6 3.g3 c5 4.Nf3 a6 5.Bg2 b5 6.Ne5 Ra7 7.Be3 d6 8.dxc5 dxe5
9.Qxd8+ Kxd8 10.c6 Rc7 11.Bb6 Ne8 12.cxb5 Bb4+ 13.Nc3 Bxc3+ 14.bxc3 axb5
15.a4 Ba6 16.O-O Kc8 17.axb5 Bxb5 18.Rfb1 Bxc6 19.Bxc7 Nxc7 20.Rxb8+ Kxb8
21.Bxc6 Rd8 22.Rb1+ Kc8 23.Bb7+ Kd7 24.Rd1+ Ke7 25.Rc1 Rb8 26.Bf3 f5 27.e3 Rb2
28.Kf1 Na6 29.Ra1 Nc5 30.Ra7+ Kf6 31.Bc6 e4 32.f4 exf3 33.Bxf3 Rc2 34.Ra3 g5
35.h3 h5 36.Ke1 g4 37.hxg4 fxg4 38.Bc6 Ke5 39.Kf1 Kd6 40.Bg2 e5 41.e4 Nd3
42.Ra6+ Kc5 43.Rh6 Rxc3 44.Rxh5 Kd4 45.Kg1 Rc1+ 46.Kh2 Ne1  0-1

[Event "Guillermo Garcia mem-A"]
[Site "Santa Clara"]
[Date "1999.06.06"]
[Round "12"]
[White "Gomez, Felix"]
[Black "Nogueiras, Jesus"]
[Result "1/2-1/2"]
[WhiteElo "2463"]
[BlackElo "2540"]

1.d4 Nf6 2.c4 e6 3.g3 c5 4.Nf3 cxd4 5.Nxd4 Qc7 6.Nd2 b6 7.Bg2 Bb7 8.e4 Bb4
9.O-O O-O 10.Qe2 Nc6 11.Nxc6 Qxc6 12.f3 d5 13.e5 Nd7 14.f4 Qc5+ 15.Kh1 Rac8
16.b3 Qd4 17.Rb1 Nc5 18.Nf3 Qe4 19.Be3 dxc4 20.bxc4 Ba5 21.Rbd1 Na4 22.Rd4 Nc3
23.Qf2 Qc6 24.Qc2 Qa4 25.Qxa4 Nxa4 26.Rd7 Ba6 27.Rc1 Bxc4 28.Rxa7 Bxa2 29.Rxc8 Rxc8
30.Ng5 Rf8 31.Bc6 Nc3 32.Bd2 h6 33.Bxc3 hxg5 34.Bxa5 bxa5 35.Rxa5 Rc8 36.Be4 Bb1
37.Bxb1 Rc1+ 38.Kg2 Rxb1 39.Ra8+ Kh7 40.h4 gxh4  1/2-1/2

[Event "FRA-Cup sf"]
[Site "Monaco"]
[Date "1999.06.26"]
[Round "1"]
[White "Verat, Laurent"]
[Black "Haik, Aldo"]
[Result "1-0"]
[WhiteElo "2294"]
[BlackElo "2399"]

1.d4 Nf6 2.c4 e6 3.g3 c5 4.d5 exd5 5.cxd5 d6 6.Nc3 g6 7.Bg2 Bg7 8.Nf3 O-O
9.O-O Na6 10.Nd2 Nc7 11.Nc4 b5 12.Nxd6 Qxd6 13.Bf4 Qb6 14.d6 Ne6 15.Bxa8 Nxf4
16.gxf4 Rd8 17.Bg2 Rxd6 18.Qc1 Be6 19.Rd1 b4 20.Na4 Rxd1+ 21.Qxd1 Qc7 22.a3 a5
23.axb4 axb4 24.Qd2 Bf8 25.e3 Kg7 26.Qd3 c4 27.Qd4 Qa5 28.Qe5 Qa7 29.Qb5 Be7
30.Qb6 Qd7 31.Nc5 Bxc5 32.Qxc5 Qd2 33.Qd4 Qc2 34.Bf1 c3 35.bxc3 b3 36.Qd3 b2
37.Rb1 Qb3 38.Qb5 Qc2 39.Qxb2 Qe4 40.Be2 Qf5  1-0

[Event "Haarlem AKN op 8th"]
[Site "Haarlem"]
[Date "1999.07.04"]
[Round "5"]
[White "Wunnink, Michael"]
[Black "Van Wessel, Rudy"]
[Result "1/2-1/2"]
[WhiteElo "2198"]
[BlackElo "2316"]

1.d4 Nf6 2.c4 e6 3.g3 c5 4.Nf3 cxd4 5.Nxd4 Nc6 6.Bg2 Be7 7.O-O O-O 8.Nc3 a6
9.b3 Qc7 10.Bb2 b6 11.Rc1 Bb7 12.Nd5 Qd8 13.Nxe7+ Qxe7 14.Qd2 Rfd8 15.Qg5 Nxd4
16.Bxd4 Bxg2 17.Kxg2 d6 18.e4 Rab8 19.Bxf6 Qxf6 20.Qxf6 gxf6 21.Rfd1 Kf8
22.f4 Ke7 23.Rd3 Rbc8 24.g4 Rg8 25.Kf3 h5 26.gxh5 Rc5 27.Rcd1 Rxh5 28.Rxd6 Rh3+
29.Kf2 Rxh2+ 30.Kf3  1/2-1/2

[Event "Biel MTO"]
[Site "Biel"]
[Date "1999.07.26"]
[Round "7"]
[White "Raetsky, Alexander"]
[Black "Tukmakov, Vladimir B"]
[Result "1/2-1/2"]
[WhiteElo "2408"]
[BlackElo "2557"]

1.d4 Nf6 2.c4 e6 3.g3 c5 4.Nf3 cxd4 5.Nxd4 d5 6.Bg2 e5 7.Nc2 d4 8.f4 Nc6
9.Bxc6+ bxc6 10.fxe5 Qa5+ 11.Qd2 Qxe5 12.Qxd4 Qh5 13.Qe3+ Be6 14.Nc3 Bc5
15.Qf3 Qxf3 16.exf3 Bxc4 17.Be3 Bb6 18.b3 Ba5 19.O-O-O Bxb3 20.axb3 Bxc3
21.Rd6 Rc8  1/2-1/2

[Event "London MSO Masters"]
[Site "London"]
[Date "1999.08.26"]
[Round "6"]
[White "Mikhalevski, Victor"]
[Black "Crouch, Colin S"]
[Result "1-0"]
[WhiteElo "2516"]
[BlackElo "2423"]

1.d4 Nf6 2.c4 e6 3.g3 c5 4.d5 exd5 5.cxd5 d6 6.Bg2 Be7 7.Nc3 O-O 8.Nf3 Na6
9.O-O Nc7 10.a4 Bf5 11.Nd2 Qd7 12.Re1 Bh3 13.Bh1 Ng4 14.Nc4 f5 15.f3 Nh6
16.Bxh6 gxh6 17.e3 Rae8 18.Qd2 Bg5 19.Kf2 f4 20.exf4 Bf6 21.Bg2 Bd4+ 22.Kf1 b5
23.axb5 Nxb5 24.Nxb5 Qxb5 25.Bxh3 Qxc4+ 26.Kg2 Qxd5 27.Rxa7 Qb3 28.Bd7 Rxe1
29.Qxe1 Qxb2+ 30.Kh3 Qb8 31.Qe7  1-0

[Event "CRO-chT"]
[Site "Pula"]
[Date "1999.09.10"]
[Round "2"]
[White "Tukmakov, Vladimir B"]
[Black "Palac, Mladen"]
[Result "1/2-1/2"]
[WhiteElo "2557"]
[BlackElo "2610"]

1.d4 Nf6 2.c4 e6 3.g3 c5 4.Nf3 cxd4 5.Nxd4 Qc7 6.b3 Bb4+ 7.Bd2 Bc5 8.e3 b6
9.Bg2 Bb7 10.Nb5 Qc8 11.O-O a6 12.N5c3 Bxg2 13.Kxg2 Qb7+  1/2-1/2

[Event "CRO-chT"]
[Site "Pula"]
[Date "1999.09.17"]
[Round "8"]
[White "Covic, Darko"]
[Black "Jurkovic, Ante"]
[Result "1/2-1/2"]
[WhiteElo "2365"]
[BlackElo "2339"]

1.d4 Nf6 2.c4 e6 3.g3 c5 4.d5 exd5 5.cxd5 d6 6.Nc3 g6 7.Bg2 Bg7 8.Nf3 O-O
9.O-O Re8 10.Nd2 a6 11.a4 Nbd7 12.h3 Rb8 13.Nc4 Nb6 14.Na3 Bd7 15.a5 Nc8
16.Nc4 Bb5 17.Qb3 Bxc4 18.Qxc4  1/2-1/2

[Event "SLO-chT"]
[Site "Bled"]
[Date "1999.11.12"]
[Round "5"]
[White "Sebenik, Matej"]
[Black "Roskar, Robert"]
[Result "0-1"]
[WhiteElo "2194"]
[BlackElo "2242"]

1.d4 Nf6 2.c4 e6 3.g3 c5 4.Nf3 cxd4 5.Nxd4 a6 6.Nc3 Qc7 7.e4 Bb4 8.Qd3 Nc6
9.Nc2 b5 10.Bf4 Bxc3+ 11.bxc3 Ne5 12.Bxe5 Qxe5 13.Bg2 Bb7 14.cxb5 axb5 15.f3 O-O
16.Nd4 Ba6 17.f4 Qc5 18.Nb3 Qc6 19.Nd4 Qc5 20.Nb3 Qc6 21.Nd4 Qc7 22.e5 b4
23.Qc2 Bb7 24.Nb5 Qb6 25.c4 Ng4 26.Bxb7 Qxb7 27.Rg1 Qb6 28.Rf1 Rfc8 29.Nd6 Qe3+
30.Kd1 b3 31.Qd2 Rcb8 32.h3 Rxa2 33.Rxa2 bxa2 34.Qxa2 Qd3+  0-1

[Event "Berlin"]
[Site "Berlin"]
[Date "1999.??.??"]
[Round "5"]
[White "Kachiani Gersinska, Ketino"]
[Black "Lagunow, Alexander"]
[Result "1-0"]
[WhiteElo "2425"]
[BlackElo "2435"]

1.d4 Nf6 2.c4 e6 3.g3 c5 4.d5 exd5 5.cxd5 g6 6.Nc3 d6 7.Bg2 Bg7 8.Nf3 O-O
9.O-O a6 10.a4 Re8 11.Bf4 Ne4 12.Nxe4 Rxe4 13.Nd2 Rb4 14.Ra2 g5 15.Be3 Bf5
16.Qc1 Nd7 17.Nc4 Qf6 18.Bd2 Rc8 19.Nxd6 Qxd6 20.Bxb4 Re8 21.Bc3 Rxe2 22.Qxg5 Bg6
23.Qd8+ Qf8 24.Qxd7 Bxc3 25.bxc3 Rxa2 26.Re1 Qh6 27.Qe8+ Kg7 28.Qe5+ f6 29.Qe7+ Bf7
30.d6 Qd2 31.Rf1 Qd3 32.Be4 Qe2 33.Qxb7 Rd2 34.d7 Rxd7 35.Qxd7 Qxe4 36.h3 Qc2
37.Qg4+ Kf8 38.Qc8+ Kg7 39.Qxc5 Qxa4 40.Rb1 Qd7 41.Kh2  1-0

[Event "Dresden op"]
[Site "Dresden"]
[Date "1999.??.??"]
[Round "?"]
[White "Teschke, Olaf"]
[Black "Suetin, Alexey S"]
[Result "0-1"]
[WhiteElo "2190"]
[BlackElo "2380"]

1.d4 Nf6 2.c4 e6 3.g3 c5 4.d5 exd5 5.cxd5 d6 6.Nc3 g6 7.Bg2 Bg7 8.Nf3 O-O
9.O-O a6 10.a4 Nbd7 11.Nd2 Ne8 12.Nc4 Nb6 13.Na3 Bd7 14.a5 Nc8 15.Nc4 Bb5
16.Qb3 Nc7 17.Rd1 Rb8 18.e4 Bxc4 19.Qxc4 b5 20.axb6 Rxb6 21.Bh3 Rb4 22.Qe2 Re8
23.Bxc8 Qxc8 24.f3 Nb5 25.Nxb5 axb5 26.Ra2 c4 27.Bf4 Be5 28.Bxe5 Rxe5 29.f4 Qc5+
30.Kh1 Re8 31.e5 dxe5 32.fxe5 Rb3 33.Ra3 Rxa3 34.bxa3 c3 35.e6 fxe6 36.dxe6 Qc6+
37.Qg2 Qxe6 38.Qb7  0-1

[Event "SWZ-ch"]
[Site "Graechen"]
[Date "1999.??.??"]
[Round "?"]
[White "Raetsky, Alexander"]
[Black "Horvath, Tamas"]
[Result "1/2-1/2"]
[WhiteElo "2460"]
[BlackElo "2406"]

1.d4 Nf6 2.c4 e6 3.g3 c5 4.Nf3 cxd4 5.Nxd4 Bb4+ 6.Bd2 Qb6 7.e3 Bxd2+ 8.Qxd2 Ne4
9.Qc2 Qa5+ 10.Nd2 Nxd2 11.Qxd2 Qxd2+ 12.Kxd2 Nc6 13.Bg2 Rb8 14.Rhc1 Nxd4
15.exd4 b6 16.c5 bxc5 17.Rxc5 Ke7 18.b3 Bb7 19.Bxb7 Rxb7 20.Rac1 Ra8 21.Ra5 Kd6
22.Kd3 Rb6 23.h4 Rc6 24.Rcc5 Rxc5 25.Rxc5 Rb8 26.Kc4 g6 27.h5 f6 28.f4 gxh5
29.Rxh5 Rg8 30.Rh3 a6 31.b4 Rc8+ 32.Kd3 Rc1 33.Rxh7 Ra1 34.g4 Rxa2 35.g5 fxg5
36.fxg5 Rg2 37.Rg7 Rg3+ 38.Ke4 Rg4+ 39.Ke3  1/2-1/2

[Event "Hessen-ch int"]
[Site "Hessen"]
[Date "1999.??.??"]
[Round "9"]
[White "Kachiani Gersinska, Ketino"]
[Black "Bagaturov, Giorgi"]
[Result "1/2-1/2"]
[WhiteElo "2425"]
[BlackElo "2530"]

1.d4 Nf6 2.c4 e6 3.g3 c5 4.d5 exd5 5.cxd5 d6 6.Nc3 g6 7.Bg2 Bg7 8.Nf3 O-O
9.O-O a6 10.a4 Re8 11.Bf4 Qe7 12.Qc1 Nbd7 13.h3 Qf8 14.Re1 Rb8 15.Rb1 Nb6
16.e4 Nh5 17.Bg5 h6 18.Bd2 Nc4 19.b4 Nxd2 20.Qxd2 cxb4 21.Rxb4 Bd7 22.Reb1 Rec8
23.Nd4 Rc5 24.Nce2 Rbc8 25.Rxb7 Bxa4 26.Nc6 Bxc6 27.dxc6 Qe8 28.Qxd6 R5xc6
29.Qa3 Qe5 30.f4 Qc5+ 31.Qxc5 Rxc5 32.e5 Bf8 33.Rb8 Rxb8 34.Rxb8 Ng7  1/2-1/2

[Event "Mancha Real-B 2nd"]
[Site "Mancha Real"]
[Date "1999.??.??"]
[Round "8"]
[White "Adla, Diego"]
[Black "Galego, Luis"]
[Result "1/2-1/2"]
[WhiteElo "2470"]
[BlackElo "2425"]

1.d4 Nf6 2.c4 e6 3.g3 c5 4.d5 exd5 5.cxd5 d6 6.Nc3 g6 7.Bg2 Bg7 8.Nf3 O-O
9.O-O Re8 10.Nd2 a6 11.a4 Nbd7 12.Nc4 Ne5 13.Na3 b5 14.axb5 axb5 15.Ncxb5 Ba6
16.Nc3 Nfd7 17.Qc2 Rb8 18.Rb1 Qb6 19.b3 Qb4 20.Ne4 Ng4 21.h3 Ngf6 22.Nxd6 Rxe2
23.Qd1 Qd4 24.Ndb5 Qxd1 25.Rxd1 Rxb5 26.Nxb5 Bxb5 27.Bf1 Ne4 28.Bxe2 Bxe2
29.Re1 Bd3 30.Rb2 Bxb2 31.Bxb2 Nd6 32.f3 Kf8  1/2-1/2

[Event "Miskolc Avas op"]
[Site "Miskolc"]
[Date "1999.??.??"]
[Round "4"]
[White "Hlinka, Vasil"]
[Black "Ionescu, Doru Alexandru"]
[Result "0-1"]
[WhiteElo "2185"]
[BlackElo "2320"]

1.d4 Nf6 2.c4 e6 3.g3 c5 4.Nf3 cxd4 5.Nxd4 Qb6 6.Bg2 Bc5 7.e3 Nc6 8.Nc2 O-O
9.O-O d5 10.cxd5 Nxd5 11.Nd2 Rd8 12.Qe2 e5 13.Nb3 Bf8 14.e4 Nc7 15.Be3 Qb5
16.Qxb5 Nxb5 17.Rfd1 Bg4 18.f3 Be6 19.Rxd8 Rxd8 20.Bf1 Nbd4 21.Bxd4 exd4
22.Rd1 Ne5 23.f4 Bg4 24.Ra1 Nc6 25.Bd3 a5 26.a3 a4 27.Nd2 Na5 28.Kg2 f6 29.Bb5 Bd7
30.Bd3 Be8 31.Nf3 Bf7 32.Rd1 Bb3 33.Rd2 Bc5 34.g4 Bc4 35.Nb4 b5 36.Rd1 Re8
37.e5 Bb3 38.Rd2 fxe5 39.Nxe5 Nc4 40.Re2 Bd1 41.Bxc4+ bxc4 42.Rd2 Bb3  0-1

[Event "Presov op"]
[Site "Presov"]
[Date "1999.??.??"]
[Round "7"]
[White "Likavsky, Tomas"]
[Black "Vavrak, Peter"]
[Result "0-1"]
[WhiteElo "2366"]
[BlackElo "2323"]

1.d4 e6 2.c4 Nf6 3.g3 c5 4.Nf3 b6 5.Bg2 Bb7 6.d5 exd5 7.Nh4 g6 8.Nc3 Bg7
9.O-O O-O 10.Nxd5 Nxd5 11.Bxd5 Bxd5 12.Qxd5 Nc6 13.Rd1 Qe7 14.e3 Rad8 15.Ng2 Nb4
16.Qb7 Qe6 17.Qxa7 Ra8 18.Qxd7 Qxc4 19.a3 Nc2 20.Rb1 Qa2 21.Bd2 Rad8 22.Qb5 Rxd2
23.Rdc1 Nxa3 24.bxa3 Rxf2 25.Qc6 Bh6 26.Re1 Rd8 27.Rxb6 Rdd2 28.Nh4 Rde2
29.Qe8+ Bf8  0-1

[Event "Tampere op"]
[Site "Tampere"]
[Date "1999.??.??"]
[Round "2"]
[White "Agopov, Mikael"]
[Black "Haapasalo, Jukka Pekka"]
[Result "1/2-1/2"]
[WhiteElo "2398"]
[BlackElo "2249"]

1.d4 Nf6 2.c4 e6 3.g3 c5 4.Nf3 cxd4 5.Nxd4 Bb4+ 6.Bd2 Qb6 7.Bxb4 Qxb4+ 8.Nc3 Qxc4
9.e4 Qb4 10.a3 Qb6 11.Bg2 Nc6 12.Ndb5 O-O 13.O-O d5  1/2-1/2

[Event "Tampere We HervS I"]
[Site "Tampere"]
[Date "1999.??.??"]
[Round "5"]
[White "Karttunen, Mika"]
[Black "Tolonen, Leo Toivovich"]
[Result "1-0"]
[WhiteElo "2293"]
[BlackElo "2329"]

1.d4 e6 2.c4 Nf6 3.g3 c5 4.Nf3 b6 5.Bg2 Bb7 6.O-O cxd4 7.Qxd4 Be7 8.Nc3 d6
9.b3 O-O 10.Rd1 a6 11.Ba3 Ne8 12.Rac1 Nd7 13.Ne4 Nc5 14.Ne1 Qc7 15.b4 Nxe4
16.Bxe4 Bxe4 17.Qxe4 Nf6 18.Qf4 Rfd8 19.c5 Nd5 20.cxb6 Qxb6 21.Qc4 Rdb8 22.Nd3 a5
23.bxa5 Qxa5 24.Bb2 Qxa2 25.e4 Qxc4 26.Rxc4 Nb6 27.Rc7 Bd8 28.Rc6 d5 29.Be5 Rc8
30.exd5 Nxd5 31.Rdc1 Rxc6 32.Rxc6 h6 33.Bd4 Be7 34.Kg2 Rd8 35.Bc5 Bf6 36.Ne1 g5
37.h3 Kg7 38.Nc2 Nc3 39.Be3 Nd1 40.Bb6 Rd2 41.Kf3 Nc3 42.Ne3 h5 43.Rc4 Nb5
44.Kg2 Rb2 45.Bc5 Rb3 46.Rc2 Rd3 47.Nc4 Nd4 48.Rd2 Rxd2 49.Nxd2 Nf5 50.Ne4 Bd8
51.Kf3 f6 52.g4 Nh4+ 53.Ke2 Kg6 54.f3 Ng2 55.Kf2 Nf4 56.Kg3 f5 57.Nf2  1-0

[Event "Isla de Tenerife op"]
[Site "Tenerife"]
[Date "1999.??.??"]
[Round "3"]
[White "Martin Luis, Cesar"]
[Black "Solana Suarez, Ernesto"]
[Result "0-1"]
[WhiteElo "2000"]
[BlackElo "2315"]

1.d4 Nf6 2.c4 e6 3.g3 c5 4.Nf3 cxd4 5.Nxd4 d5 6.Bg2 e5 7.Nf3 d4 8.O-O Nc6
9.Nbd2 Be7 10.Ne1 Bf5 11.Nc2 Qd7 12.e4 Bg4 13.f3 Bh3 14.Ne1 Bxg2 15.Nxg2 O-O
16.Nb3 Qe6 17.Qe2 Nb4 18.Bg5 d3 19.Qd2 Qxc4 20.Bxf6 Bxf6 21.Ne3 Qb5 22.a4 Qb6
23.a5 Qb5 24.Ng4 Be7 25.Rad1 Rac8 26.Ne3 Qa4 27.Nc1 Rfd8 28.Kh1 Bf8 29.b3 Qxa5
30.Nd5 Qb5 31.Nxd3 Nxd5  0-1

[Event "Troll Masters"]
[Site "Gausdal NOR"]
[Date "2000.01.10"]
[Round "1"]
[White "Rausis,I"]
[Black "Putka,V"]
[Result "1-0"]
[WhiteElo "2496"]
[BlackElo "2250"]

1.d4 Nf6 2.c4 e6 3.g3 c5 4.Nf3 cxd4 5.Nxd4 Qb6 6.Bg2 Bb4+ 7.Nc3 O-O 8.O-O Bxc3
9.bxc3 d5 10.Ba3 Re8 11.Nb5 Na6 12.Rb1 Qc6 13.cxd5 exd5 14.c4 Be6 15.Nd6 Nc5
16.Nxe8 Rxe8 17.Qd4 b6 18.Rbc1 Qa4 19.Bxc5 bxc5 20.Qxc5 dxc4 21.Bc6 Rc8 22.Bxa4 Rxc5
23.Rfd1 g5 24.Rd6 Re5 25.e3 Rc5 26.Rc6 Rxc6 27.Bxc6 Ng4 28.Bb5 Ne5 29.f4 Nf3+
30.Kf2 Nd2 31.Bc6 Kg7 32.Ke2 c3 33.Rxc3 Nb1 34.Rc5 gxf4 35.gxf4 Bxa2 36.Be4 a6
37.Bd3 h6 38.Rc1  1-0

[Event "Troll Masters"]
[Site "Gausdal NOR"]
[Date "2000.01.12"]
[Round "5"]
[White "Romsdal,T"]
[Black "Putka,V"]
[Result "0-1"]
[WhiteElo "2204"]
[BlackElo "2250"]

1.d4 Nf6 2.c4 e6 3.g3 c5 4.Nf3 cxd4 5.Nxd4 Qb6 6.Bg2 Bc5 7.e3 O-O 8.O-O d5
9.cxd5 Nxd5 10.Nb3 Be7 11.e4 Nb4 12.Be3 Qa6 13.Nc3 Rd8 14.Qb1 Qc4 15.Rc1 Qd3
16.Bf1 Qxb1 17.Raxb1 N8c6 18.f4 e5 19.f5 Nd4 20.Bc4 Nbc2 21.Bf2 Bg5 22.Nxd4 Nxd4
23.Rd1 Bd7 24.h4 Bh6 25.Nd5 Nf3+ 26.Kg2 Nd2 27.Rxd2 Bxd2 28.Rd1 Ba5 29.b4 Ba4
30.Rc1 b5 31.Ne7+ Kf8 32.Bc5 Bb6 33.Ng6+ Ke8 34.Bd5 Rxd5 35.exd5 hxg6 36.fxg6 Rc8
37.gxf7+ Kxf7 38.Kf3 a5 39.Ke4 Bd8 40.a3 axb4 41.axb4 Bf6 42.h5 Bb3 43.Ra1 Bc2+
44.Ke3 Ba4 45.Ke4 Rd8 46.Ra2 Rxd5 47.Kxd5 Bb3+ 48.Kc6 Bxa2 49.Kxb5 Ke6 50.Be3 Kd5
51.g4 Bc4+ 52.Ka4 Kc6 53.g5 Be7 54.h6 gxh6 55.gxh6 Bf6 56.Bd2 Bb5+ 57.Kb3 Kd5
58.Be3 Ke4 59.Bc5 Kd3 60.Bf8 Be8  0-1

[Event "FSGM January"]
[Site "Budapest HUN"]
[Date "2000.02.06"]
[Round "2"]
[White "Wang Rui"]
[Black "Csom,I"]
[Result "0-1"]
[WhiteElo "2496"]
[BlackElo "2464"]

1.d4 Nf6 2.c4 e6 3.g3 c5 4.d5 exd5 5.cxd5 d6 6.Nc3 a6 7.a4 g6 8.Bg2 Bg7 9.Nf3 O-O
10.Nd2 Nbd7 11.O-O Re8 12.Nc4 Nb6 13.Na3 Bd7 14.Bf4 Nh5 15.Bd2 Bxc3 16.bxc3 Bxa4
17.Qc1 Rxe2 18.c4 Nc8 19.Bf3 Rxd2 20.Qxd2 Ng7 21.Nb1 Bd7 22.Be4 Ra7 23.Qf4 Nh5
24.Qe3 b5 25.cxb5 axb5 26.Rxa7 Nxa7 27.Nd2 Nc8 28.Bf3 Nf6 29.Re1 Nb6 30.Qf4 Bf5
31.Qh4 Kg7 32.g4 Bc8 33.Re3 h6 34.g5 hxg5 35.Qxg5 Qh8 36.Qg3 Nbxd5 37.Bxd5 Nxd5
38.Rd3 Be6 39.Ne4 b4 40.Nxd6 Qh5 41.f3 Nf6 42.Qf4 b3 43.Rd1 c4 44.Qd4 Qd5
45.Qa1 Qc5+ 46.Kg2 c3 47.Ne4 Nxe4 48.fxe4 Qe3  0-1

[Event "16th open"]
[Site "Cappelle La Grande FRA"]
[Date "2000.02.21"]
[Round "4"]
[White "Haba,P"]
[Black "Handke,F"]
[Result "0-1"]
[WhiteElo "2517"]
[BlackElo "2413"]

1.d4 Nf6 2.c4 e6 3.g3 c5 4.Nf3 cxd4 5.Nxd4 Nc6 6.Bg2 Bc5 7.Nb3 Be7 8.Nc3 O-O
9.O-O d6 10.e4 a6 11.Qe2 Rb8 12.Rd1 b6 13.f4 Nd7 14.Be3 Bb7 15.Rac1 Re8 16.Rd2 Bf8
17.e5 dxe5 18.Qd1 Re7 19.f5 Nd4 20.fxe6 fxe6 21.Nxd4 exd4 22.Bxd4 Bxg2 23.Kxg2 Qc7
24.b3 Rf7 25.Qe2 Re8 26.Rf1 Rxf1 27.Qxf1 Bb4 28.Rd3 Ne5 29.Bxe5 Qxe5 30.Qf3 Rf8
31.Qe3 Qf6 32.g4 Qf1+ 33.Kg3 Bc5 34.Qxe6+ Kh8 35.Qe2 Bf2+  0-1

[Event "Masters"]
[Site "Monaco MNC"]
[Date "2000.02.21"]
[Round "1"]
[White "Govciyan,P"]
[Black "Olivier,JC"]
[Result "1/2-1/2"]
[WhiteElo "2207"]
[BlackElo "2356"]

1.d4 Nf6 2.c4 e6 3.g3 c5 4.d5 exd5 5.cxd5 d6 6.Bg2 g6 7.Nc3 Bg7 8.Nf3 O-O
9.O-O Nbd7 10.h3 Qe7 11.Re1 Ne4 12.Nxe4 Qxe4 13.Bf4 Qe7 14.Rb1 b5 15.a4 a6
16.b4 cxb4 17.axb5 a5 18.Nd4 Bxd4 19.Qxd4 g5 20.Qe3 Qxe3 21.Bxe3 Rb8 22.Bxg5 Re8
23.e4 Rxb5 24.Bf1 Rb6 25.Ra1 Ba6 26.Rxa5 Bxf1 27.Kxf1 b3 28.Be3 Rb4 29.Rb1 Rexe4
30.Ra3 Nc5 31.Bxc5 dxc5 32.Raxb3 Rxb3 33.Rxb3 Rd4 34.Rc3 Rxd5 35.Ke2 Kf8
36.Ke3 Ke7 37.g4 Kd6 38.f4 Rd1 39.f5 Kd5 40.Ke2 Ra1 41.Rd3+ Kc6 42.Rd8 Rh1
43.Rf8 Rxh3 44.Rxf7 Kd6 45.g5  1/2-1/2